<?xml version="1.0" encoding="UTF-8"?>
<record
    xmlns:xsi="http://www.w3.org/2001/XMLSchema-instance"
    xsi:schemaLocation="http://www.loc.gov/MARC21/slim http://www.loc.gov/standards/marcxml/schema/MARC21slim.xsd"
    xmlns="http://www.loc.gov/MARC21/slim">

  <leader>00729nam a22001817a 4500</leader>
  <controlfield tag="005">20201124141927.0</controlfield>
  <controlfield tag="008">111218s1969    ua|||||r|||| 00| 0 ara d</controlfield>
  <datafield tag="082" ind1=" " ind2=" ">
    <subfield code="2">22</subfield>
    <subfield code="a">155.633</subfield>
    <subfield code="b">&#x628; &#x648; &#x646;</subfield>
  </datafield>
  <datafield tag="100" ind1=" " ind2=" ">
    <subfield code="9">28157</subfield>
    <subfield code="a">&#x628;&#x648;&#x646;&#x627;&#x628;&#x631;&#x62A;&#x60C; &#x645;&#x627;&#x631;&#x64A;</subfield>
  </datafield>
  <datafield tag="240" ind1=" " ind2=" ">
    <subfield code="a">Sexua;ite de La Femme</subfield>
  </datafield>
  <datafield tag="245" ind1=" " ind2=" ">
    <subfield code="a">&#x633;&#x64A;&#x643;&#x648;&#x644;&#x648;&#x62C;&#x64A;&#x629; &#x627;&#x644;&#x645;&#x631;&#x623;&#x629; /</subfield>
    <subfield code="c">&#x62A;&#x623;&#x644;&#x64A;&#x641; &#x645;&#x627;&#x631;&#x64A; &#x628;&#x648;&#x646;&#x627;&#x628;&#x627;&#x631;&#x62A; &#x61B; &#x62A;&#x631;&#x62C;&#x645;&#x629; &#x635;&#x644;&#x627;&#x62D; &#x645;&#x62E;&#x64A;&#x645;&#x631;&#x60C; &#x639;&#x628;&#x62F;&#x647; &#x645;&#x64A;&#x62E;&#x627;&#x626;&#x64A;&#x644;.</subfield>
  </datafield>
  <datafield tag="260" ind1=" " ind2=" ">
    <subfield code="a">&#x627;&#x644;&#x642;&#x627;&#x647;&#x631;&#x629; :</subfield>
    <subfield code="b">&#x645;&#x643;&#x62A;&#x628;&#x629; &#x627;&#x644;&#x623;&#x646;&#x62C;&#x644;&#x648; &#x627;&#x644;&#x645;&#x635;&#x631;&#x64A;&#x629;&#x60C;</subfield>
    <subfield code="c">1969.</subfield>
  </datafield>
  <datafield tag="300" ind1=" " ind2=" ">
    <subfield code="a">380 &#x635;. &#x61B;</subfield>
    <subfield code="c">24 &#x633;&#x645;.</subfield>
  </datafield>
  <datafield tag="504" ind1=" " ind2=" ">
    <subfield code="a">&#x64A;&#x634;&#x62A;&#x645;&#x644; &#x639;&#x644;&#x649; &#x625;&#x631;&#x62C;&#x627;&#x639;&#x627;&#x62A; &#x628;&#x628;&#x644;&#x64A;&#x648;&#x62C;&#x631;&#x627;&#x641;&#x64A;&#x629;: &#x635; 337-341 </subfield>
  </datafield>
  <datafield tag="650" ind1=" " ind2=" ">
    <subfield code="9">16296</subfield>
    <subfield code="a">&#x627;&#x644;&#x645;&#x631;&#x623;&#x629;</subfield>
    <subfield code="x">&#x639;&#x644;&#x645; &#x627;&#x644;&#x646;&#x641;&#x633;</subfield>
  </datafield>
  <datafield tag="653" ind1=" " ind2=" ">
    <subfield code="b">Ara</subfield>
    <subfield code="c">December2011</subfield>
  </datafield>
  <datafield tag="942" ind1=" " ind2=" ">
    <subfield code="2">ddc</subfield>
    <subfield code="c">BB</subfield>
  </datafield>
  <datafield tag="999" ind1=" " ind2=" ">
    <subfield code="c">16336</subfield>
    <subfield code="d">16336</subfield>
  </datafield>
  <datafield tag="952" ind1=" " ind2=" ">
    <subfield code="0">0</subfield>
    <subfield code="1">0</subfield>
    <subfield code="2">ddc</subfield>
    <subfield code="4">0</subfield>
    <subfield code="7">0</subfield>
    <subfield code="8">Alef-Baa</subfield>
    <subfield code="a">MAIN</subfield>
    <subfield code="b">MAIN</subfield>
    <subfield code="c">LOW</subfield>
    <subfield code="d">2011-12-18</subfield>
    <subfield code="e">purchase</subfield>
    <subfield code="o">155.633 &#x628; &#x648; &#x646;</subfield>
    <subfield code="p">000025849</subfield>
    <subfield code="r">2025-07-15 00:00:00</subfield>
    <subfield code="y">BB</subfield>
  </datafield>
  <datafield tag="952" ind1=" " ind2=" ">
    <subfield code="0">0</subfield>
    <subfield code="1">0</subfield>
    <subfield code="2">ddc</subfield>
    <subfield code="4">0</subfield>
    <subfield code="7">0</subfield>
    <subfield code="8">Alef-Baa</subfield>
    <subfield code="a">MAIN</subfield>
    <subfield code="b">MAIN</subfield>
    <subfield code="c">LOW</subfield>
    <subfield code="d">2012-04-23</subfield>
    <subfield code="e">purchase</subfield>
    <subfield code="o">155.633 &#x628; &#x648; &#x646;</subfield>
    <subfield code="p">000026676</subfield>
    <subfield code="r">2025-07-15 00:00:00</subfield>
    <subfield code="y">BB</subfield>
  </datafield>
</record>
